| 000 | 00586nam a22002057a 4500 | ||
|---|---|---|---|
| 999 |
_c19875 _d19875 |
||
| 003 | AR-CdUCM | ||
| 008 | 190308b ||||| |||| 00| 0 spa d | ||
| 020 | _a84-8280-129-5 | ||
| 040 |
_aMUNICIPALIDAD PROVINCIAL DEL CUSCO _cBIBLIOTECA MUNICIPAL DEL CUSCO |
||
| 082 |
_a858.9 / _bM86 |
||
| 100 |
_aMoravia, Alberto _913778 |
||
| 245 | _aLa campesina / | ||
| 260 |
_aBuenos Aires : _bLosada, _c1964. |
||
| 300 |
_a294 paginas ; _c18 cm. |
||
| 440 |
_aNovelistas de nuestra epoca _925430 |
||
| 650 |
_aNovela _9572 |
||
| 650 |
_aLiteratura _983 |
||
| 942 |
_2ddc _cLIBROS |
||
| 945 | _arcc | ||